000 00427nam a2200169Ia 4500
008 230524s9999 xx 000 0 und d
020 _a817758118X
082 _a5.133
_bITL
100 _aITL Education Solution Ltd.
245 0 _aIntroduction to Information Technology
250 _aIST
260 _aNEW DELHI
_bPearson
_c2008
300 _aXVII;585
500 _aQuantity Number: 10
650 _aComp-Sc
942 _cBK
999 _c41482
_d41482